Southville International School and Colleges
Your cart is empty.
  • Cart
  • Lists
    Public lists Eva Luna New books Lux_list list_1
    Your lists Log in to create your own lists
  • Log in to your account
  • Your cookies
  • Search history
Southville International School and Colleges
  • Advanced search
  • Recent comments
  • Most popular
  • Libraries

Log in to your account

Log in with GOOGLE


If you do not have an external account, but do have a local account, you can still log in:

  1. Home
  2. MARC view: How things work :
Normal view MARC view ISBD view

How things work : (Record no. 114190)

[ view plain ]
MARC details
000 -LEADER
fixed length control field 00592nam a2200193 a 4500
001 - CONTROL NUMBER
control field 4011
005 - DATE AND TIME OF LATEST TRANSACTION
control field 20140414132052.0
008 - FIXED-LENGTH DATA ELEMENTS--GENERAL INFORMATION
fixed length control field 040602s19uu xx 00 eng d
020 ## - INTERNATIONAL STANDARD BOOK NUMBER
International Standard Book Number 1-85434-346-7
050 ## - LIBRARY OF CONGRESS CALL NUMBER
Classification number REF 620
Item number TW93 1995
100 ## - MAIN ENTRY--PERSONAL NAME
Personal name Llewellyn, Claire
245 ## - TITLE STATEMENT
Title How things work :
Remainder of title things we make, build and use /
Statement of responsibility, etc text by CLaire Llewellyn.
260 ## - PUBLICATION, DISTRIBUTION, ETC. (IMPRINT)
Place of publication, distribution, etc UK :
Name of publisher, distributor, etc Two-Can Pub.,
Date of publication, distribution, etc 1995.
300 ## - PHYSICAL DESCRIPTION
Extent 93 p. : ill. ; cm.
440 ## - SERIES STATEMENT/ADDED ENTRY--TITLE
Title Two-Can First Encyclopedia
650 ## - SUBJECT ADDED ENTRY--TOPICAL TERM
Topical term or geographic name as entry element Machinery
General subdivision Design and construction.
650 ## - SUBJECT ADDED ENTRY--TOPICAL TERM
Topical term or geographic name as entry element Natural history
General subdivision Encyclopedias.
Holdings
Withdrawn status Lost status Damaged status Use restrictions Home library Current library Shelving location Date acquired Source of acquisition Total Checkouts Full call number Barcode Date last seen Price effective from Koha item type
        Munich Library Munich Library Reference Section 07/26/2011     REF 620 TW93 1995 M5944 04/14/2014 04/14/2014 Books

How things work :

APA

Llewellyn C., . (1995). How things work. UK: Two-Can Pub.

Chicago

Llewellyn Claire, . 1995. How things work. UK: Two-Can Pub.

Harvard

Llewellyn C., . (1995). How things work. UK: Two-Can Pub.

MLA

Llewellyn Claire, . How things work. UK: Two-Can Pub. 1995.

  • Place hold
  • Print
  • Cite
  • Add to your cart (remove)
  • Save record
    BIBTEX Dublin Core MARCXML MARC (non-Unicode/MARC-8) MARC (Unicode/UTF-8) MARC (Unicode/UTF-8, Standard) MODS (XML) RIS
  • More searches
    Search for this title in:
    Other Libraries (WorldCat) Other Databases (Google Scholar) Online Stores (Bookfinder.com) Open Library (openlibrary.org)

Exporting to Dublin Core...

SOUTHVILLE LIBRARY

Southville International School and Colleges Library

1281 Tropical Ave. Cor. Luxembourg St., BF Homes International, Las Pinas City

Tel. No. 8256374 / 252358 Loc. 117/146

Powered by Koha